Insights for Action Initiaive Fuelling Poverty Reduction Selected papers from the International Oil and Gas Conference (Record no. 22419)
[ view plain ]
| 000 -LEADER | |
|---|---|
| fixed length control field | 00272nam a22000857a 4500 |
| 040 ## - CATALOGING SOURCE | |
| Transcribing agency | DLC |
| 082 ## - DEWEY DECIMAL CLASSIFICATION NUMBER | |
| Classification number | 111 CAM 2009 C289 Or.1 |
| 245 ## - TITLE STATEMENT | |
| Title | Insights for Action Initiaive Fuelling Poverty Reduction Selected papers from the International Oil and Gas Conference |
| 942 ## - ADDED ENTRY ELEMENTS (KOHA) | |
| Koha item type | ADB |
| 952 ## - LOCATION AND ITEM INFORMATION (KOHA) | |
| Withdrawn status [LOCAL, KOHA] | 0 |
| Permanent Location | Date acquired | Koha item type | Lost status | Shelving location | Barcode | Current Location | Full call number |
|---|---|---|---|---|---|---|---|
| Library Block C | 2023-12-25 | ADB | C289 | A24661 | Library Block C | 111 CAM 2009 C289 Or.1 |